Rzeczy wynalezione w XIX wieku - nagła śmierć - Statystyki

Ogólne statystyki
  • Ten quiz został rozwiązany 231 razy
  • Średni wynik to 3 z 15
Answers on the Grid
Answers color-coded by a green-red scale on the quiz's grid according to % correct below.
Bateria
Lampa naftowa
Żarówka
Samolot
Maszyna parowa
Radio
Kamera
Fortepian
Czołg
Telefon
Kinematograf
Radar
Dynamit
Silnik odrzutowy
Wózek sklepowy
Tworzywo sztuczne
Szczepienia
Akumulator ołowiowy
Papieros
Sterowiec
Reaktor jądrowy
Śmigłowiec
Laser
Maska przeciwgazowa
Karabin maszynowy
Nadajnik radiowy
Fotografia
Rewolwer
Elektryczny telegraf
Tramwaj
Stetoskop
lodówka elektryczna
 
Statystyki odpowiedzi
Odpowiedź % Poprawnych
Żarówka
43%
Lampa naftowa
37%
Dynamit
36%
Fotografia
33%
Telefon
32%
Rewolwer
25%
Kinematograf
23%
Tramwaj
23%
Radio
22%
Papieros
17%
Karabin maszynowy
12%
Sterowiec
11%
Stetoskop
11%
Tworzywo sztuczne
6%
Akumulator ołowiowy
0%
Nie znaleziono quizów pasujących do podanych kryteriów
Rozkład punktacji
Procent ludzi z każdym wynikiem
Percentyl według liczby udzielonych odpowiedzi
Twoja historia wyników
Nie rozwiązałeś tego quizu